000 00437nam a2200181Ia 4500
008 220531s9999 xx 000 0 und d
041 _aeng
082 _bMAH
100 _aMahajan,s. &. Kulkarni,m.
_961248
245 _aCost & Works Accounting Paper Ii
250 _a1
260 _aPune
_bNirali
_c2011
300 _aP.1+
542 _d08-12-2011
650 _acosting
_961249
906 _d2011-2012
999 _c34940
_d34940